Kĩ thuật điện I Giáo trình cao đẵng sư phạm

Shranjeno v:
Bibliografske podrobnosti
Glavni avtor: Trần Minh Sơ (Chủ biên)
Drugi avtorji: Nguyễn Cao Đằng (tác giả)
Format: Knjiga
Izdano: Hà Nội Đại học sư phạm 2004
Teme:
Oznake: Označite
Brez oznak, prvi označite!
Thư viện lưu trữ: Trung tâm Học liệu Lê Vũ Hùng, Trường Đại học Đồng Tháp
LEADER 00739pam a22002058a 4500
001 00042312
005 20180914090930.0
008 110530s2005 ||||||Viesd
041 0 # |a Vie 
082 1 4 |a 621.3  |b K300TH 
100 0 # |a Trần Minh Sơ  |e Chủ biên 
245 0 0 |a Kĩ thuật điện I  |b Giáo trình cao đẵng sư phạm  |c Trần Minh Sơ, Nguyễn Cao Đằng 
260 # # |a Hà Nội  |b Đại học sư phạm  |c 2004 
300 # # |a 208 tr.  |c 24 cm. 
650 # 4 |a Kĩ thuật điện 
653 # # |a Điện 
700 0 # |a Nguyễn Cao Đằng  |e tác giả 
852 # # |j KGT.0054450 
910 0 # |a nhnam  |d 14/09/2018 
980 # # |a Trung tâm Học liệu Lê Vũ Hùng, Trường Đại học Đồng Tháp